Normal view
MARC view
Entry Personal Name
001 - CONTROL NUMBER
- control field: 5467
003 - CONTROL NUMBER IDENTIFIER
- control field: ARRUPE
005 - DATE AND TIME OF LATEST TRANSACTION
- control field: 20131210170157.0
008 - FIXED-LENGTH DATA ELEMENTS
- fixed length control field: 131210|| aca||aabn | a|a d
040 ## - CATALOGING SOURCE
- Original cataloging agency: ARRUPE
- Transcribing agency: ARRUPE
100 ## - HEADING--PERSONAL NAME
- Personal name: Ssekyanzi, Robert
670 ## - SOURCE DATA FOUND
- Source citation: Work cat.: (ARRUPE): Ssekyanzi, Robert, Fidelity in Religious life, 2011